000 00878nam a2200241Ia 4500
999 _c5484
_d5484
003 OSt
005 20200609150033.0
008 191128s1953 ar gr 000 0dspa d
040 _aCO-JMCR
_cCO-JMCR
041 0 _aspa
082 0 4 _a330.12 /
_bA367s
_223
100 1 _aAlemann, Roberto T.,
_eautor
_95262
245 1 0 _aSistemas económicos /
_cRoberto T. Alemann
260 _aBuenos Aires :
_bArayú,
_c1953
300 _axii, 250 páginas ;
_c22 cm.
504 _aBibliografía: páginas 245-250
505 _aConcepto y definición del sistema y económico -- Clasificación de los sistemas económicos -- Estructura de los sistemas económicos -- El problema del cálculo económico
650 1 4 _aSistemas económicos
_94576
650 2 4 _aTeoría económica
_95263
650 2 4 _aSistema capitalista
_95264
650 2 4 _aCálculo económico
_95265
942 _2ddc
_cBK